| 000 | 00941nam a22002417a 4500 | ||
|---|---|---|---|
| 003 | BR-ViAPE | ||
| 005 | 20260514125251.0 | ||
| 008 | 260514s2018 porco gs|||| 001 0 por d | ||
| 020 | _q978-85-98928-25-8 | ||
| 040 | _cBR-ViAPE | ||
| 100 | _aSaletto, Nara | ||
| 245 | _aSobre política capixaba na primeira República | ||
| 260 |
_aVitória _bArquivo Público do Estado do Espírito Santo _c2018 |
||
| 300 |
_a232 p. _bil. _c21cm |
||
| 300 | _bLivro disponível em PDF | ||
| 490 |
_aColeção Canaã _vv. 26 |
||
| 500 | _aObra disponibilizada em PDF por integrar a Coleção Canaã do APEES. | ||
| 650 |
_aHistória _xPolítica _xRepública _zEspírito Santo (Brasil) |
||
| 651 | _aEspírito Santo (Brasil) | ||
| 710 | _aArquivo Público do Estado do Espírito Santo | ||
| 856 |
_uhttps://ape.es.gov.br/Media/ape/PDF/Sobre_Pol%C3%ADtica_Capixaba_na_Primeira_Rep%C3%BAblica.pdf _yCLIQUE AQUI PARA ACESSAR O DOCUMENTO |
||
| 942 |
_2ddc _cBK _n1 |
||
| 999 |
_c672 _d672 |
||